| 000 | 01260nam a2200253Ia 4500 | ||
|---|---|---|---|
| 999 |
_c54810 _d54810 |
||
| 001 | 21879 | ||
| 003 | GE_BSU | ||
| 005 | 20220524114800.0 | ||
| 008 | 181216s2015ge xx |||||||||||||| ||geo|| | ||
| 020 | _a9789941109652 | ||
| 040 | _cGE_BSU | ||
| 041 | _ageo | ||
| 080 | _a657(075.8) ხ-25 | ||
| 100 |
_aხარაბაძე, ელენე. _913814 |
||
| 245 |
_aბუღალტრული აღრიცხვის საფუძვლები / _cელენე ხარაბაძე, რედ. ნადეჟდა კვატაშიძე. |
||
| 264 |
_aთბილისი : _bმერიდიანი, _c2015 |
||
| 300 |
_a264 გვ; _b ცხრ; _c29 სმ. |
||
| 504 | _aდანართები: გვ. 245-263.ბიბლიოგრაფია: გვ. 244. | ||
| 653 | _aბუღალტერია | ||
| 653 | _aბუღალტრული აღრიცხვა სახელმძღვანელოები სტუდენტებისათვის. | ||
| 653 | _aბუღალტრული აღრიცხვის საფუძვლები | ||
| 700 |
_aკვატაშიძე, ნადეჟდა _eრედაქტორი _913182 |
||
| 942 |
_cBK _2udc |
||